[Event "A.Lutikov Memorial"]
[Site "Tiraspol MDA"]
[Date "2008.04.02"]
[Round "4"]
[White "Dmitrenko,V"]
[Black "Martemianov,I"]
[Result "0-1"]
[WhiteElo "2362"]
[BlackElo "2297"]

1.d4 f5 2.Nf3 Nf6 3.g3 g6 4.Bg2 Bg7 5.O-O O-O 6.c4 d6 7.Nc3 Qe8 8.d5 a5 9.Nd4 Na6
10.b3 Bd7 11.Bb2 c6 12.e3 Nc7 13.Nde2 Qf7 14.Qd2 cxd5 15.cxd5 b5 16.Nf4 Rac8
17.Rac1 g5 18.Ne6 Nxe6 19.dxe6 Qxe6 20.Nd5 Ne4 21.Bxe4 Bxb2 22.Qxb2 Qxe4
23.Qd4 Qxd4 24.exd4 Kf7 25.Nb6 Rxc1 26.Rxc1 Rd8 27.Rc7 Ke8 28.Ra7 a4 29.bxa4 bxa4
30.d5 f4 31.Nxd7 Rxd7 32.Rxa4 fxg3 33.hxg3 Rb7 34.Ra5 Kf7 35.g4 Rb4 36.f3 Rb2
37.a4 Kf6 38.Kf1 Rd2 39.Ke1 Ra2 40.Ra8 h6 41.Kd1 Ke5 42.Re8 Rxa4 43.Rxe7+ Kf4
44.Re6 Kxf3 45.Rxd6 Rxg4 46.Rxh6 Rd4+ 47.Ke1 Rxd5 48.Rh8 Kg2 49.Rg8 Re5+
50.Kd2 Kg3 51.Ra8 g4 52.Ra4 Kh3 53.Ra8 g3 54.Rh8+ Kg2 55.Rg8 Kh2 56.Rh8+ Kg1
57.Rg8 g2 58.Rh8 Kf2 59.Rf8+ Kg3 60.Rg8+ Kf3 61.Kd1 Re4  0-1

[Event "ch-NED w"]
[Site "Hilversum NED"]
[Date "2008.04.06"]
[Round "3"]
[White "Peng Zhaoqin"]
[Black "Bensdorp,L"]
[Result "1/2-1/2"]
[WhiteElo "2465"]
[BlackElo "2085"]

1.d4 f5 2.c4 Nf6 3.Nf3 g6 4.g3 Bg7 5.Bg2 O-O 6.O-O d6 7.Nc3 Qe8 8.b3 Na6
9.Ba3 c6 10.Rc1 Nc7 11.d5 c5 12.Bb2 h6 13.Qc2 Qf7 14.e3 g5 15.Rce1 Qg6 16.Nd2 Qh5
17.f4 Bd7 18.Nd1 Rf7 19.Nf2 Nce8 20.h3 gxf4 21.exf4 Qg6 22.Kh2 Rb8 23.a4 Nh5
24.Nh1 Bxb2 25.Qxb2 Nef6 26.Nf3 Qg7 27.Qc2 Ne4 28.Rg1 Kh8 29.Nh4 Nexg3 30.Bf3 Qf6
31.Bxh5 Nxh5 32.Ng6+ Kh7 33.Qe2 Rg8 34.Qxh5 Rxg6 35.Rxg6 Qxg6 36.Qf3 Rg7
37.Ng3 Qf7 38.Qe2 Be8 39.Qd3 Bd7 40.Re3 b6 41.Qd1 Qg6 42.Qe1 Qf7 43.a5 b5
44.Qe2 Be8 45.cxb5 Qxd5 46.Rxe7 Bf7 47.b6 axb6 48.a6 b5 49.a7 c4 50.bxc4 bxc4
51.Rc7 Qa5 52.Qb2 c3 53.Qxc3 Qxc3 54.Rxc3 Bd5 55.Rd3 Ba8 56.Rxd6 h5 57.h4 Rxa7
58.Nxh5 Ra2+ 59.Kh3 Ra3+ 60.Ng3 Rf3 61.Rd7+ Kh6 62.Rd6+ Kh7  1/2-1/2

[Event "Gausdal Classics GMB"]
[Site "Gausdal NOR"]
[Date "2008.04.14"]
[Round "7"]
[White "Flumbort,A"]
[Black "Kadziolka,B"]
[Result "1-0"]
[WhiteElo "2499"]
[BlackElo "2326"]

1.d4 f5 2.c4 Nf6 3.g3 g6 4.Bg2 Bg7 5.Nf3 O-O 6.O-O d6 7.Nc3 Qe8 8.d5 a5 9.Ne1 e5
10.dxe6 Qxe6 11.Nd5 Na6 12.Nxf6+ Qxf6 13.Nd3 c6 14.Rb1 Be6 15.b3 Nc7 16.Nf4 Bf7
17.Bb2 Qe7 18.Bxg7 Kxg7 19.Qd4+ Kg8 20.Rbd1 g5 21.Nd3 d5 22.Ne5 Rad8 23.Nxf7 Qxf7
24.Qd2 h6 25.Qxa5 dxc4 26.bxc4 f4 27.Qb6 Ne6 28.Bh3 Rxd1 29.Rxd1 fxg3 30.hxg3 Ng7
31.Rd7 Qxc4 32.Qxb7 Qc3 33.Qb1 Qf6 34.Qb3+ Kh8 35.Qe3 h5 36.Qc5 g4 37.Bg2 h4
38.Rd6 Qa1+ 39.Kh2 hxg3+ 40.fxg3 Qxa2 41.Rxc6 Rd8 42.Qg5 Qd2 43.Qxg4 Re8
44.Be4 Kg8 45.Bd3  1-0

[Event "Gausdal Classics GMB"]
[Site "Gausdal NOR"]
[Date "2008.04.16"]
[Round "9"]
[White "Flumbort,A"]
[Black "Berelovich,A"]
[Result "1/2-1/2"]
[WhiteElo "2499"]
[BlackElo "2595"]

1.d4 f5 2.c4 Nf6 3.g3 g6 4.Bg2 Bg7 5.Nf3 O-O 6.O-O d6 7.Nc3 Qe8 8.d5 Na6
9.Rb1 Nc5 10.b4 Nce4 11.Nxe4 Nxe4 12.Bb2 Bxb2 13.Rxb2 e5 14.dxe6 Bxe6 15.Qc2 Qf7
16.Rc1 b6 17.Nd2 Nxd2 18.Qxd2 Rad8 19.e3 c5 20.a4 d5 21.cxd5 Bxd5 22.Bxd5 Rxd5
23.Qe2 cxb4 24.Rxb4 Rfd8 25.Rd4 Rxd4 26.exd4 f4 27.Qe5 fxg3 28.hxg3 Rf8 29.Qe2 Re8
30.Qb5 Rf8 31.Qe2 Re8 32.Qb5 Rf8 33.Qe2  1/2-1/2

[Event "Copenhagen Chess Challenge"]
[Site "Ballerup DEN"]
[Date "2008.04.18"]
[Round "5"]
[White "Grandelius,N"]
[Black "Semcesen,D"]
[Result "0-1"]
[WhiteElo "2388"]
[BlackElo "2351"]

1.d4 f5 2.c4 Nf6 3.Nf3 g6 4.g3 Bg7 5.Bg2 O-O 6.O-O d6 7.Nc3 c6 8.d5 Bd7 9.Rb1 Na6
10.Nd4 Rc8 11.dxc6 bxc6 12.b4 c5 13.bxc5 Nxc5 14.Nb3 Be6 15.Nd5 Nce4 16.Qd3 Ng4
17.Bf4 Ne5 18.Bxe5 Bxe5 19.Rfc1 Qd7 20.e3 Nc5 21.Nxc5 Rxc5 22.Rb7 Qxb7 23.Nf6+ Bxf6
24.Bxb7 Rb8 25.Bf3 Rbc8 26.Rb1 Bxc4 27.Qa3 a5 28.Rc1 Kg7 29.h4 Rb8 30.Qa4 Rb4
31.Qd1 Bxa2 32.Rxc5 dxc5 33.Qd8 a4 34.Qa5 Rb1+ 35.Kg2 c4 36.Qxa4 Bb3 37.Qb5 c3
38.Bd1 c2 39.Bxc2 Bxc2 40.Qe2 Be4+ 41.Kh3 Rh1+  0-1

[Event "IX EICC"]
[Site "Plovdiv BUL"]
[Date "2008.04.22"]
[Round "2"]
[White "Erdos,V"]
[Black "Koepke,C"]
[Result "1-0"]
[WhiteElo "2576"]
[BlackElo "2296"]

1.d4 f5 2.g3 Nf6 3.Bg2 g6 4.c4 Bg7 5.Nf3 O-O 6.O-O d6 7.Nc3 Qe8 8.d5 Na6
9.Rb1 c5 10.dxc6 bxc6 11.b4 Bd7 12.a3 Nc7 13.Bb2 Ne6 14.c5 d5 15.Ne5 Ng5
16.e3 Nf7 17.Ne2 Nxe5 18.Bxe5 Qf7 19.f3 Ne8 20.Bxg7 Qxg7 21.f4 Nf6 22.Nd4 Ng4
23.Qd2 e6 24.Rfe1 g5 25.b5 Rfc8 26.bxc6 Rxc6 27.Rb7 Rac8 28.Nxe6 Rxe6 29.Bxd5  1-0

[Event "IX EICC"]
[Site "Plovdiv BUL"]
[Date "2008.04.29"]
[Round "8"]
[White "Buhmann,R"]
[Black "Swiercz,D"]
[Result "1/2-1/2"]
[WhiteElo "2569"]
[BlackElo "2413"]

1.Nf3 f5 2.c4 Nf6 3.g3 g6 4.Bg2 Bg7 5.O-O O-O 6.d4 d6 7.Nc3 Qe8 8.Re1 Qf7
9.b3 Ne4 10.Bb2 Nc6 11.Rc1 e5 12.d5 Nb4 13.a3 Nxc3 14.Rxc3 Na6 15.b4 e4 16.Nd4 Bd7
17.Qd2 Rae8 18.f4 exf3 19.Rxf3 Be5 20.e4 f4 21.gxf4 Bxf4 22.Qc3 Qg7 23.Rxf4 Rxf4
24.Qd2 Qh6 25.Qc3 Qg7 26.Qc1 Rf6 27.Nf3 Ref8 28.Qc3 Bg4 29.Nd2 Nb8 30.Qg3 Bc8
31.Bxf6 Qxf6 32.e5 dxe5 33.Ne4 Qf4 34.Qc3 Nd7 35.Rf1 Qh6 36.Rxf8+ Qxf8 37.c5 Qf4
38.Qh3 Nb6 39.Qb3 Qc1+ 40.Bf1 Nd7 41.d6+ Kg7 42.dxc7 Qf4 43.Nd6 Nf6 44.Qg3 Qd4+
45.Qf2 Qg4+ 46.Bg2 Qd1+ 47.Qf1 Qg4 48.Qf3 Qd4+ 49.Kh1 Qa1+ 50.Qf1 Qd4 51.h3 Be6
52.Kh2 b6 53.cxb6 Qxd6 54.bxa7 e4+ 55.Kh1 Qc6 56.b5 Qb7 57.b6 Nd7 58.Qa1+ Kf7
59.Qd4 Nxb6 60.Qxb6 Qxb6 61.a8=Q Qxc7 62.Qxe4 Qc1+ 63.Kh2 Qc7+ 64.Kh1 Qc1+
65.Kh2 Qxa3 66.Qb7+ Qe7 67.Qxe7+ Kxe7 68.h4 Kf6 69.Kg3 Ke5 70.Bf3 h6  1/2-1/2

[Event "IX EICC"]
[Site "Plovdiv BUL"]
[Date "2008.04.29"]
[Round "8"]
[White "Berczes,D"]
[Black "Reutsky,S"]
[Result "1-0"]
[WhiteElo "2453"]
[BlackElo "2302"]

1.d4 f5 2.g3 Nf6 3.Bg2 g6 4.Nf3 Bg7 5.O-O O-O 6.c4 d6 7.Nc3 Qe8 8.d5 a5 9.Rb1 Na6
10.b3 Bd7 11.Bb2 Nc5 12.a3 e5 13.dxe6 Nxe6 14.b4 axb4 15.axb4 Qf7 16.Nd5 Ne4
17.Nd2 Ra2 18.Qb3 Nxd2 19.Qxa2 Nxf1 20.Rxf1 b5 21.Bxg7 Kxg7 22.f4 bxc4 23.Qxc4 c6
24.Nb6 d5 25.Qc3+ Kh6 26.Qe3 Re8 27.Ra1 Nc7 28.Qc5 Nb5 29.e3 Qe7 30.Rc1 Na3
31.h3 Bc8 32.Qxe7  1-0

[Event "Open"]
[Site "Halkidiki GRE"]
[Date "2008.05.01"]
[Round "4"]
[White "Osmanoglou,H"]
[Black "Vragoteris,A"]
[Result "0-1"]
[WhiteElo "2144"]
[BlackElo "2317"]

1.Nf3 f5 2.c4 Nf6 3.g3 g6 4.Bg2 Bg7 5.O-O O-O 6.d4 d6 7.Nc3 Nc6 8.d5 Ne5
9.Qb3 Nxf3+ 10.Bxf3 Nd7 11.h3 e5 12.dxe6 Nc5 13.e7 Qxe7 14.Nd5 Qf7 15.Qc2 c6
16.Nf4 Ne6 17.e3 Nxf4 18.gxf4 Be6 19.Be2 d5 20.c5 d4 21.a4 Bb3 22.Qb1 Rad8
23.Ra3 Rfe8 24.Re1 Bd5 25.b4 Qe7 26.Bf1 Qh4 27.Bg2 Bh6 28.Bb2 dxe3 29.Bxd5+ Rxd5
30.Raxe3 Rxe3 31.Rxe3 Qd8 32.Qe1 Kf7 33.Kg2 Bxf4 34.Re6 Bg5 35.Re2 Rd3 36.Be5 Qd5+
37.Kh2 Rd1 38.Qc3 Qh1+  0-1

[Event "Father Ivan Cvitanovic Mem"]
[Site "Split CRO"]
[Date "2008.05.04"]
[Round "7"]
[White "Fodor,T jr"]
[Black "Zelic,Ml"]
[Result "1/2-1/2"]
[WhiteElo "2432"]
[BlackElo "2290"]

1.d4 f5 2.c4 Nf6 3.g3 g6 4.Bg2 Bg7 5.Nf3 O-O 6.O-O d6 7.Nc3 e6 8.b3 Ne4 9.Bb2 Nc6
10.Rc1 Nxc3 11.Bxc3 e5 12.dxe5 dxe5 13.Qd5+ Kh8 14.Qxd8 Rxd8 15.Ng5 Rf8 16.Bd5 h6
17.Nf3 Nd4 18.Bxd4 exd4 19.c5 Rd8 20.Bf7 g5 21.Rfd1 Bf6 22.b4 Kg7 23.Bb3 g4
24.Ne1 Bd7 25.a4 Bc6 26.Nd3 Bg5 27.b5 Be4 28.Rc4 a5 29.Bc2 Rd5 30.Ne1 Rad8  1/2-1/2

[Event "FSGM May"]
[Site "Budapest HUN"]
[Date "2008.05.13"]
[Round "11"]
[White "Prohaszka,P2"]
[Black "Ilincic,Z"]
[Result "1-0"]
[WhiteElo "2506"]
[BlackElo "2548"]

1.d4 f5 2.g3 g6 3.Bg2 Bg7 4.Nf3 Nf6 5.c4 O-O 6.O-O d6 7.Nc3 Nc6 8.d5 Ne5
9.Nxe5 dxe5 10.Qb3 h6 11.Rd1 g5 12.a4 a6 13.a5 Qe8 14.Na4 Qh5 15.Qf3 Qg6
16.Qa3 f4 17.Qxe7 Bg4 18.f3 Rf7 19.Qa3 fxg3 20.fxg4 gxh2+ 21.Kxh2 Nxg4+ 22.Kg1 e4
23.Qh3 h5 24.Be3 Nxe3 25.Qxe3 Rf4 26.Nc5 Rg4 27.Rf1 Be5 28.Nd7 Bf4 29.Qxe4 Bh2+
30.Kxh2 Rxe4 31.Nf6+ Kg7 32.Nxe4 Rf8 33.Rxf8 Kxf8 34.Rf1+ Kg7 35.Rf6 Qe8
36.Rf5 g4 37.c5 h4 38.Rg5+ Kh6 39.Rxg4 Qe5+ 40.Kh3 Qxd5 41.Rxh4+ Kg6 42.Rg4+ Kh6
43.Rh4+ Kg6 44.Rg4+ Kh6 45.Nf6 Qb3+ 46.Kh4 Qxb2 47.Ng8+ Kh7 48.Be4+ Kh8 49.Nh6 Qf6+
50.Kg3 Qe5+ 51.Kg2  1-0

[Event "Mayors Cup Open"]
[Site "Mumbai IND"]
[Date "2008.05.15"]
[Round "7"]
[White "Sahu,V"]
[Black "Mohannad,F"]
[Result "1-0"]
[WhiteElo "2058"]
[BlackElo "2285"]

1.d4 f5 2.c4 Nf6 3.Nf3 g6 4.g3 Bg7 5.Bg2 O-O 6.O-O d6 7.d5 c6 8.Nc3 e5 9.dxe6 Bxe6
10.Bf4 Bxc4 11.Bxd6 Re8 12.Be5 Qa5 13.Qd4 Qa6 14.Bxf6 c5 15.Qxc5 Bxf6 16.Nd2 Bf7
17.Nd5 Nd7 18.Nxf6+ Qxf6 19.Qb5 Nb6 20.e3 Rad8 21.Rfd1 a6 22.Qb4 Nd5 23.Qa3 b5
24.e4 b4 25.Qf3 fxe4 26.Nxe4 Qxb2 27.Ng5 Rf8 28.Nxf7 Rxf7 29.Qb3 Qxb3 30.axb3 Rfd7
31.Rxa6 Nc3 32.Rxd7 Rxd7 33.Bf3 Rd3 34.Kg2 Kg7 35.Ra7+ Kf6 36.Rxh7 Nb1 37.Be4 Rxb3
38.Rh6 Nd2 39.Rxg6+ Ke5 40.Bb7 Rc3 41.Rb6 b3 42.h4 Nc4 43.Rb5+ Kf6 44.Bd5 Nd2
45.g4 Rd3 46.g5+ Kg6 47.Be6 Rd4 48.Bxb3 Nxb3 49.Rxb3 Rxh4 50.Rg3 Rf4 51.Kf1 Rf5
52.Ke2 Re5+ 53.Kd3 Rf5 54.f3 Rb5 55.Rg4 Rxg5 56.Rxg5+ Kxg5 57.Ke4 Kf6 58.Kf4 Ke6
59.Kg5 Kf7 60.Kf5 Kf8 61.Ke6 Ke8 62.f4 Kf8 63.f5  1-0

[Event "Mayors Cup Open"]
[Site "Mumbai IND"]
[Date "2008.05.15"]
[Round "7"]
[White "Laxman,R"]
[Black "Swapnil,SD"]
[Result "1/2-1/2"]
[WhiteElo "2488"]
[BlackElo "2354"]

1.Nf3 f5 2.g3 Nf6 3.Bg2 g6 4.O-O Bg7 5.c4 O-O 6.d4 d6 7.Nc3 Nc6 8.d5 Na5
9.Qa4 c5 10.dxc6 Nxc6 11.Rd1 Bd7 12.c5 dxc5 13.Qc4+ Kh8 14.Qxc5 Qe8 15.Qc4 e5
16.Qh4 Be6 17.Bh6 e4 18.Ng5 Bg8 19.f3 exf3 20.exf3 Qe3+ 21.Kh1 Bxh6 22.Qxh6 Rae8
23.Nb5 Ne5 24.Nd6 Neg4 25.fxg4 Nxg4 26.Ndf7+ Rxf7 27.Nxf7+ Bxf7 28.Qxe3 Rxe3
29.Rd7 Kg8 30.Rc1 Re2 31.Kg1 Rxb2 32.Bd5 Ne5 33.Bxf7+ Kg7 34.Rcc7 Nxd7 35.Rxd7 Kf6
36.Bb3 Rb1+ 37.Kg2 Rb2+ 38.Kf3 Rxh2 39.Rxb7 g5 40.Rxa7 g4+ 41.Ke3 Rg2 42.Rxh7 Rxg3+
43.Kf2 Rf3+ 44.Kg2 f4 45.Rh2 Rd3 46.Kf1 Kg5 47.Rb2 f3 48.a4 g3 49.a5 Re3
50.Rb1 Kf4 51.Kg1 g2 52.Bd5 Kg3 53.Bxf3  1/2-1/2

[Event "115th ch-SCO"]
[Site "Glasgow SCO"]
[Date "2008.06.13"]
[Round "9"]
[White "MacDonald,C"]
[Black "Khamroev,R"]
[Result "0-1"]
[WhiteElo "2100"]
[BlackElo "2129"]

1.c4 f5 2.g3 Nf6 3.Bg2 g6 4.Nf3 Bg7 5.d4 O-O 6.O-O d6 7.d5 Qe8 8.Nc3 Na6
9.Be3 c6 10.dxc6 bxc6 11.Qa4 e5 12.Nxe5 Qxe5 13.Qxc6 Rb8 14.Bf4 Qa5 15.Nd5 Qd8
16.Qxd6 Qe8 17.Qa3 Ne4 18.Bxb8 Nxb8 19.Qxa7 Nc6 20.Qb6 Bd7 21.Rfd1 Qf7 22.Nf4 Ne5
23.Qb7 g5 24.Nh3 Qxc4 25.Rxd7 Nxd7 26.Qxd7 Qxe2 27.Rf1 h6 28.Qd5+ Kh8 29.b4 Nc3
30.Qb3 f4 31.gxf4 g4 32.Rc1 gxh3 33.Rxc3 Qe1+ 34.Bf1 Qxc3 35.Qd5 Qxb4 36.Bxh3 Qxf4  0-1

[Event "Greek Cup S/F PO Rapid"]
[Site "Kallithea GRE"]
[Date "2008.07.03"]
[Round "1"]
[White "Pavlidis,Ana"]
[Black "Grivas,E"]
[Result "1-0"]
[WhiteElo "2270"]
[BlackElo "2490"]

1.d4 f5 2.c4 Nf6 3.g3 g6 4.Bg2 Bg7 5.Nf3 O-O 6.O-O d6 7.Nc3 Qe8 8.d5 a5 9.a3 Na6
10.Rb1 Nc5 11.b4 axb4 12.axb4 Nfe4 13.Nb5 Na6 14.Bb2 Bxb2 15.Rxb2 c6 16.dxc6 bxc6
17.Nbd4 e5 18.Nc2 Be6 19.Qd3 Qe7 20.Ne3 Rfb8 21.Rfb1 Qc7 22.Nd2 Nf6 23.Qc3 d5
24.cxd5 cxd5 25.Qxc7 Nxc7 26.b5 Rb6 27.Nf3 Nd7 28.Ng5 e4 29.Nxe6 Rxe6 30.b6 Ne8
31.Nxd5 Rb8 32.f3 Nd6 33.fxe4 Nxe4 34.Bxe4 Rxe4 35.b7 Kf7 36.Rc1 Rd4 37.Nc7 Rd6
38.Na8 Ke6 39.Nc7+ Ke7 40.Rb5 Kd8 41.Nd5 Nf6 42.Nxf6 Rxf6 43.Rd5+ Ke7 44.Rc7+ Ke6
45.Ra5 Rff8 46.Rxh7 Rfd8 47.Kf2 Rd2 48.Ra8 Rdd8 49.Ra6+ Ke5 50.Rxg6 Rf8 51.Rgg7 Ke6
52.Re7+ Kd6 53.Kf3 Rg8 54.h4 Rg4 55.Rd7+ Ke6 56.Rc7 Rb4 57.h5 Rb3+ 58.Kf2 Rb2
59.h6 Kf6 60.Rhg7 Re8 61.Rc6+ Ke5 62.h7 Kd5 63.g4 Kxc6 64.Rg8 Rexe2+ 65.Kg3 Rg2+
66.Kf4 Rh2 67.h8=Q Rxh8 68.Rxh8 Rxb7 69.gxf5 Kd5 70.Re8 Rb1 71.f6 Rf1+ 72.Kg5 Rg1+
73.Kf5 Rf1+ 74.Kg6 Rg1+ 75.Kf7 Kd6 76.Re2 Ra1 77.Kf8 Ra8+ 78.Kg7 Ra1 79.f7 Rg1+
80.Kf6 Rf1+ 81.Kg7 Rg1+ 82.Kf8 Rf1 83.Re4 Kd7 84.Kg7 Rg1+ 85.Kf6 Rf1+ 86.Kg7 Rg1+
87.Kf8 Rf1 88.Re3 Rf2 89.Re5 Rf1 90.Kg7 Rg1+ 91.Kf6 Rf1+ 92.Kg6 Rxf7 93.Kxf7  1-0

[Event "XXIII Tadeusz Gniota Mem"]
[Site "Police POL"]
[Date "2008.07.11"]
[Round "3"]
[White "Kurpiewski,S"]
[Black "Grabarczyk,B"]
[Result "1/2-1/2"]
[WhiteElo "2184"]
[BlackElo "2449"]

1.d4 g6 2.Nf3 Bg7 3.g3 f5 4.Bg2 Nf6 5.O-O O-O 6.c4 d6 7.Nc3 e6 8.b3 Nc6 9.Bb2 Qe7
10.e3 h6 11.Rc1 g5 12.Ne1 Nd8 13.b4 e5 14.Nd5 Nxd5 15.cxd5 e4 16.f4 c6 17.Rf2 cxd5
18.Rfc2 Nc6 19.b5 Na5 20.Bf1 gxf4 21.gxf4 Be6 22.Bc3 Qd8 23.Qd2 Nc4 24.Bxc4 dxc4
25.d5 Bxc3 26.Qxc3 Bxd5 27.Rd1 Be6 28.Rg2+ Kf7 29.Qg7+ Ke8 30.Rg6 Qe7 31.Qxh6 Kd7
32.Rd2 Rh8 33.Qg5 Rag8 34.Qxe7+ Kxe7 35.Rg5 c3 36.Rdg2 Kf6 37.h4 Bf7 38.Nc2 Rxg5
39.hxg5+ Kg6 40.Nd4 Rh3 41.Re2 Bc4 42.Re1 Bxa2 43.Kg2 Rh8 44.Rc1 Rc8 45.Ne2 c2
46.Nd4 Bb1 47.Kf2 Rc3 48.Ke2 Ba2 49.Kd2 Rd3+ 50.Kxc2 Rxe3 51.Rh1 Rd3 52.Rh6+ Kf7
53.Rxd6 Bb3+ 54.Kb2 Bc4 55.g6+ Ke8 56.Nxf5 Rb3+ 57.Kc2 Rxb5 58.Rf6  1/2-1/2

[Event "Politiken Cup"]
[Site "Helsingor DEN"]
[Date "2008.07.20"]
[Round "3"]
[White "Haubro,S"]
[Black "Cmilyte,V"]
[Result "0-1"]
[WhiteElo "2114"]
[BlackElo "2508"]

1.Nf3 f5 2.d4 Nf6 3.g3 g6 4.Bg2 Bg7 5.O-O O-O 6.c4 d6 7.Nc3 c6 8.Qc2 Na6
9.a3 Qc7 10.Bd2 e5 11.b4 e4 12.Ng5 h6 13.Nh3 Qf7 14.b5 Nc7 15.bxc6 bxc6 16.Na4 g5
17.f4 exf3 18.exf3 Ba6 19.Rfc1 Nd7 20.Be3 Ne6 21.Qd2 f4 22.Bf2 c5 23.Qa5 Bc8
24.dxc5 dxc5 25.Ra2 Nd4 26.Rc3 Qg6 27.Rc1 Nb3 28.Qe1 Nxc1 29.Qxc1 Rb8 30.Nc3 Bxc3
31.Qxc3 Qb1+ 32.Bf1 Qxa2 33.Qd3 Qb1 34.Qd5+ Rf7 35.Qd6 Qb6 36.Qd3 Ne5 37.Qe4 fxg3
38.Qxe5 gxf2+ 39.Nxf2 Bf5  0-1

[Event "19th Czech Chladek & Tintera A Open"]
[Site "Pardubice CZE"]
[Date "2008.07.22"]
[Round "5"]
[White "Zickus,S"]
[Black "Potapov,P"]
[Result "1/2-1/2"]
[WhiteElo "2269"]
[BlackElo "2418"]

1.Nf3 f5 2.g3 Nf6 3.Bg2 g6 4.O-O Bg7 5.d4 O-O 6.c4 d6 7.Nc3 Qe8 8.d5 a5 9.Nd4 Na6
10.e4 fxe4 11.Nxe4 Nxe4 12.Bxe4 Bh3 13.Re1 Nc5 14.Bh1 Qf7 15.Be3 Rae8 16.Qd2 b6
17.Rad1 Kh8 18.b3  1/2-1/2

[Event "III Open"]
[Site "Oviedo ESP"]
[Date "2008.07.25"]
[Round "3"]
[White "Martinez Rodriguez,Ez"]
[Black "Arias Torio,S"]
[Result "0-1"]
[WhiteElo "1842"]
[BlackElo "2140"]

1.d4 f5 2.g3 Nf6 3.Bg2 g6 4.Nf3 Bg7 5.O-O O-O 6.c4 d6 7.Nc3 Qe8 8.Bg5 c6
9.Re1 Ne4 10.Qd3 Nxg5 11.Nxg5 h6 12.Nh3 e5 13.dxe5 dxe5 14.e4 f4 15.f3 Be6
16.Nf2 Nd7 17.g4 Rf7 18.Bf1 Bf8 19.Kg2 Be7 20.Red1 h5 21.h3 Qf8 22.Be2 Bc5
23.a3 a5 24.Rac1 Bd4 25.Na4 Qe7 26.Nh1 Qh4 27.Rf1 Raf8 28.Qd1 Rh7 29.Qe1 Qxh3+
30.Kxh3 hxg4+ 31.Kg2 g3 32.Qxg3 fxg3 33.Kxg3 Nf6 34.f4 Nxe4+  0-1

[Event "Politiken Cup"]
[Site "Helsingor DEN"]
[Date "2008.07.26"]
[Round "9"]
[White "Benediktsson,F"]
[Black "De Coninck,R"]
[Result "1/2-1/2"]
[WhiteElo "1915"]
[BlackElo "2121"]

1.c4 f5 2.Nf3 Nf6 3.g3 g6 4.Bg2 Bg7 5.O-O O-O 6.d4 d6 7.Nc3 c6 8.Bf4 Nh5
9.Bd2 Qe8 10.d5 e5 11.dxe6 Bxe6 12.Be3 Bxc4 13.Qxd6 Nd7 14.Bd4 Nhf6 15.b3 Ba6
16.Rad1 Nb6 17.Rfe1 Rd8 18.Qe5 Qxe5 19.Bxe5 Nfd5 20.Nxd5 Nxd5 21.Bxg7 Kxg7
22.Ng5 Rfe8 23.Bxd5 cxd5 24.e3  1/2-1/2

[Event "13th Pannonia Cup"]
[Site "Balatonalmadi HUN"]
[Date "2008.08.01"]
[Round "4"]
[White "Zentai,P2"]
[Black "Galyas,M"]
[Result "1/2-1/2"]
[WhiteElo "2181"]
[BlackElo "2463"]

1.d4 f5 2.Nf3 Nf6 3.g3 g6 4.Bg2 Bg7 5.O-O O-O 6.c4 d6 7.Nc3 Qe8 8.Re1 Qf7
9.b3 Ne4 10.Bb2 Nd7 11.Qc2 Ndf6 12.Nxe4 Nxe4 13.Nd2 Nxd2 14.Qxd2 c6 15.Rad1 Bd7
16.e3 Rae8 17.Qa5 a6 18.Qc7 Bc8 19.Rd2 g5 20.f4 Bf6 21.d5 c5  1/2-1/2

[Event "1st Masters"]
[Site "Chambery FRA"]
[Date "2008.08.03"]
[Round "2"]
[White "Ivanov,MM"]
[Black "Philippe,C"]
[Result "1/2-1/2"]
[WhiteElo "2489"]
[BlackElo "2442"]

1.Nf3 f5 2.g3 Nf6 3.Bg2 g6 4.d4 Bg7 5.O-O O-O 6.c4 d6 7.Nc3 Qe8 8.Nd5 Nxd5
9.cxd5 Nd7 10.Ng5 Nb6 11.e4 h6 12.Ne6 Bxe6 13.dxe6 fxe4 14.Bxe4 d5 15.Bc2 Rf6
16.Qg4 Qc6 17.Bxg6 Qxe6 18.Qxe6+ Rxe6 19.Bf5 Rc6 20.Re1 Rf8 21.g4 Kf7 22.Bd3  1/2-1/2

[Event "Arctic Chess Challenge"]
[Site "Tromso NOR"]
[Date "2008.08.04"]
[Round "3"]
[White "Danielsson,R"]
[Black "Sowray,P"]
[Result "0-1"]
[WhiteElo "2100"]
[BlackElo "2327"]

1.d4 f5 2.Nf3 Nf6 3.g3 g6 4.Bg2 Bg7 5.O-O O-O 6.c4 d6 7.Nc3 Qe8 8.d5 a5 9.Ne1 Na6
10.Nd3 Bd7 11.Rb1 c6 12.b3 Nc7 13.Bb2 cxd5 14.Nxd5 Ncxd5 15.cxd5 Qd8 16.Bd4 a4
17.a3 Qa5 18.b4 Qb5 19.Nf4 Rac8 20.Qd2 Rc4 21.Rfc1 Rfc8 22.Qb2 Qa6 23.e3 b5
24.Bf1 Rxc1 25.Rxc1 Rxc1 26.Qxc1 Qb7 27.Bg2 g5 28.Ne6 Bxe6 29.dxe6 Ne4 30.Bxg7 Kxg7
31.f3 Nf6 32.f4 Ne4 33.fxg5 Qd5 34.h4 Qxe6 35.Qa1+ Kg6 36.Bxe4 Qxe4 37.Qd4 Qf3
38.Qf4 Qd1+ 39.Kh2 Qe2+ 40.Kg1 e5 41.Qf2 Qd3 42.e4 Qxe4 43.Qb6 Qd3 44.Kh2 Kh5
45.g6 hxg6 46.Qd8 Kg4  0-1

[Event "Najdorf Memorial Open"]
[Site "Warsaw POL"]
[Date "2008.08.04"]
[Round "3"]
[White "Zakhartsov,Vi"]
[Black "Nguyen,P"]
[Result "1-0"]
[WhiteElo "2556"]
[BlackElo "2329"]

1.c4 f5 2.Nf3 Nf6 3.g3 g6 4.d4 Bg7 5.Bg2 O-O 6.O-O d6 7.d5 a5 8.Nc3 Na6 9.Rb1 Nc5
10.Nd4 Bd7 11.b3 Qe8 12.a3 c6 13.Bb2 Rc8 14.Ba1 Qf7 15.Qd2 h6 16.e3 cxd5
17.Nxd5 Nxd5 18.Bxd5 e6 19.Bg2 b6 20.Rfc1 Ne4 21.Qd3 g5 22.f4 gxf4 23.exf4 Nc5
24.Qe3 Kh8 25.Rd1 Rg8 26.Ne2 Bxa1 27.Rxa1 a4 28.b4 Nb3 29.Rab1 Bc6 30.Rxd6 Bxg2
31.Kxg2 Rxc4 32.Rxe6 Nd2 33.Qe5+ Rg7 34.Rxh6+ Kg8 35.Qb8+ Qf8 36.Rh8+  1-0

[Event "Najdorf Memorial Open"]
[Site "Warsaw POL"]
[Date "2008.08.07"]
[Round "6"]
[White "Zakhartsov,Vl"]
[Black "Gosciniak,M"]
[Result "1/2-1/2"]
[WhiteElo "2023"]
[BlackElo "2096"]

1.g3 g6 2.Bg2 Bg7 3.d4 f5 4.Nf3 Nf6 5.O-O O-O 6.c4 d6 7.Nc3 e6 8.Qb3 Qe7
9.Bf4 Nc6 10.d5 Nd8 11.dxe6 Nxe6 12.Be3 Ng4 13.Nd5 Qf7 14.Ng5 Nxg5 15.Bxg5 c6
16.Ne7+ Kh8 17.Nxc8 Raxc8 18.Rad1 Ne5 19.Rc1 h6 20.Be3 b6 21.Rfd1 Qe7 22.Qb4 Rfd8
23.Qd2 Kh7 24.Bf4 g5 25.Bxe5 Qxe5 26.Qc2 Kh8 27.b4 f4 28.Qg6 Qf6 29.Qxf6 Bxf6
30.b5 cxb5 31.cxb5 Rc5 32.a4 Kg7 33.Rxc5 dxc5 34.Rxd8 Bxd8 35.Bd5 Kf6 36.gxf4 gxf4
37.e3 Ke5 38.Bb3 fxe3 39.fxe3 Ke4 40.Kf2 Kd3 41.Bd1 c4 42.Be2+ Kc3 43.Ke1 Bg5
44.e4 Kb3 45.Kd1 c3 46.Bd3 Kxa4 47.e5 Kb3 48.e6 c2+ 49.Bxc2+ Kc4 50.Be4 Kxb5
51.Kc2 Kb4 52.Bd3 a5 53.Kb2 a4 54.Ka2 b5 55.Be2 Ka5 56.Bd3 Be7 57.Be2 b4
58.Bd1 Kb5 59.Bc2 h5 60.h3 h4 61.Bd1 Bc5 62.Bc2 b3+ 63.Bxb3 axb3+ 64.Kxb3 Kc6
65.Kc4 Bd6  1/2-1/2

[Event "Najdorf Memorial Open"]
[Site "Warsaw POL"]
[Date "2008.08.07"]
[Round "6"]
[White "Mandecki,M"]
[Black "Lach,P"]
[Result "0-1"]
[WhiteElo "2140"]
[BlackElo "2048"]

1.d4 f5 2.Nf3 Nf6 3.g3 g6 4.Bg2 Bg7 5.O-O O-O 6.c4 d6 7.b4 e6 8.Bb2 h6 9.Nc3 g5
10.Re1 Ne4 11.Nxe4 fxe4 12.Nd2 d5 13.e3 Kh8 14.f3 exf3 15.Bxf3 a5 16.b5 a4
17.Ba3 Rf6 18.c5 c6 19.b6 Rf8 20.Bb2 Nd7 21.e4 Nxc5 22.e5 Nd3 23.Ba3 Nxe1
24.Qxe1 Qxb6 25.Qe3 Bd7 26.Bd1 Qa6 27.Bc2 Rf7 28.Bg6 Raf8 29.Bxf8 Rxf8 30.Nf3 Be8
31.Bd3 Qa7 32.g4 Rxf3 33.Qxf3 Qxd4+ 34.Kg2  0-1

[Event "Liga Nacional Ajedrez"]
[Site "Villa Martelli ARG"]
[Date "2008.08.09"]
[Round "1"]
[White "Goldwaser,C"]
[Black "Alvarez,Ro2"]
[Result "1-0"]
[WhiteElo "2374"]
[BlackElo "2109"]

1.Nf3 g6 2.c4 f5 3.d4 Nf6 4.g3 Bg7 5.Bg2 O-O 6.O-O d6 7.Nc3 Nc6 8.d5 Ne5
9.Qb3 Ned7 10.Be3 Ng4 11.Bd4 Nc5 12.Qd1 e5 13.dxe6 Nxe6 14.Bxg7 Kxg7 15.e3 Ne5
16.b3 Qf6 17.Nd4 Nxd4 18.Qxd4 Nc6 19.Qd2 Be6 20.Nd5 Bxd5 21.cxd5 Ne5 22.Rac1 Rf7
23.h3 Re7 24.f4 Nf7 25.g4 Kh8 26.Qc3 Qxc3 27.Rxc3 Kg7 28.Kf2 Kf8 29.Rfc1 Rc8
30.Bf3 Ke8 31.Rg1 Nh6 32.gxf5 Nxf5 33.Bg4 Rb8 34.Bxf5  1-0

[Event "Najdorf Memorial Open"]
[Site "Warsaw POL"]
[Date "2008.08.09"]
[Round "8"]
[White "Pozzo,S"]
[Black "Lach,A"]
[Result "0-1"]
[WhiteElo "1980"]
[BlackElo "2035"]

1.d4 f5 2.g3 g6 3.Bg2 Nf6 4.Nf3 Bg7 5.O-O O-O 6.c4 d6 7.Nc3 Qe8 8.Re1 Qf7
9.Qb3 Ne4 10.Be3 Nxc3 11.Qxc3 h6 12.h4 Nc6 13.Qd2 Kh7 14.d5 Nd8 15.Bd4 e5
16.dxe6 Bxe6 17.b3 Nc6 18.Bxg7 Qxg7 19.Rad1 Rae8 20.Nd4 Nxd4 21.Qxd4 Qxd4
22.Rxd4 Bc8 23.e3 Rf6 24.Rc1 Rfe6 25.c5 dxc5 26.Rxc5 c6 27.Rc2 Kg7 28.Rcd2 Kf6
29.Rd8 Ke7 30.R8d4 Kf6 31.b4 g5 32.a4 Ke7 33.Bh3 Kf6 34.hxg5+ hxg5 35.Bg2 Ke7
36.Rd1 Rh6 37.Rc1 Bd7 38.b5 Rc8 39.Rdc4 g4 40.e4 fxe4 41.Rxe4+ Kd8 42.Rd1 Kc7
43.bxc6 bxc6 44.Re7 Rd6 45.Rc1 Rb8 46.Re4 Rb3 47.Rec4 Rb6 48.f3 gxf3 49.Bxf3 Rb3
50.R4c3 Rxc3 51.Rxc3 Rd4 52.a5 Kd6 53.a6 Ra4 54.Rd3+ Kc7 55.Be2 Bc8 56.Re3 Bxa6
57.Re7+ Kb6 58.Bh5 Ra1+ 59.Kg2 Bc4 60.g4 a5 61.g5 a4 62.Bf7 Bxf7 63.Rxf7 a3
64.Rf3 a2 65.Ra3 Rb1 66.Rxa2 Rb5 67.g6 Rg5+ 68.Kf3 Rxg6 69.Ke4 Rd6 70.Ra8 Rd7
71.Rb8+ Kc5 72.Rc8 Kb5 73.Rb8+ Kc4 74.Rb1 Re7+ 75.Kf3 c5 76.Rc1+ Kb5 77.Rb1+ Kc6
78.Rc1 Re8 79.Kf4 Re7 80.Kf3 Kd5 81.Rd1+ Kc4 82.Rc1+ Kb4 83.Rb1+ Ka3 84.Rc1 Kb4
85.Rb1+ Kc4 86.Rc1+ Kd5 87.Rd1+ Kc6 88.Rc1 Re5 89.Rc2 Kb5 90.Kf4 Re1 91.Rb2+ Kc4
92.Rc2+ Kd4 93.Kf3 c4 94.Kf2 Re8 95.Rd2+ Kc3 96.Ra2 Kb3 97.Ra7 c3 98.Rb7+ Kc2
99.Rc7 Kd2 100.Rd7+ Kc1 101.Rc7 c2 102.Kf3 Re5 103.Rc8 Kb2 104.Rb8+ Kc3 105.Rc8+ Kd3
106.Rd8+ Kc4 107.Rc8+ Rc5  0-1